Europe tv towers - Statistics

General Stats
  • This quiz has been taken 6 times
  • The average score is 6 of 8
Answer Stats
Picture Answer % Correct
Germany
100%
Austria
75%
Latvia
75%
North Macedonia
75%
Spain
75%
Ukraine
75%
United Kingdom
75%
Serbia
50%
No matching quizzes found
Score Distribution
Percent of People with Each Score
Percentile by Number Answered
Your Score History
You have not taken this quiz